Normal view
MARC view
Entry Personal Name
001 - CONTROL NUMBER
- control field: 76367
003 - CONTROL NUMBER IDENTIFIER
- control field: dpl
005 - DATE AND TIME OF LATEST TRANSACTION
- control field: 20250110154259.0
008 - FIXED-LENGTH DATA ELEMENTS
- fixed length control field: 250110|| aca||aabn | a|a d
040 ## - CATALOGING SOURCE
- Original cataloging agency: dpl
- Transcribing agency: dpl
100 ## - HEADING--PERSONAL NAME
- Personal name: Kaushik, Renu
670 ## - SOURCE DATA FOUND
- Source citation: Work cat.: (dpl)208383: Kaushik, Renu, Number Line Prime;, 2024
